Tax, constitution and the Supreme Court : Analysing the evolution of taxation law in India (Record no. 297049)

MARC details
000 -LEADER
fixed length control field 00483nam a22001577a 4500
005 - DATE AND TIME OF LATEST TRANSACTION
control field 20240419172512.0
008 - FIXED-LENGTH DATA ELEMENTS--GENERAL INFORMATION
fixed length control field 240419b |||||||| |||| 00| 0 eng d
020 ## - INTERNATIONAL STANDARD BOOK NUMBER
International Standard Book Number 9789391032852
082 ## - DEWEY DECIMAL CLASSIFICATION NUMBER
Classification number 343.04 SUN;1 R
100 ## - MAIN ENTRY--PERSONAL NAME
Personal name Sundaram, Karthik. Datar, Arvind P.
245 ## - TITLE STATEMENT
Title Tax, constitution and the Supreme Court : Analysing the evolution of taxation law in India
250 ## - EDITION STATEMENT
Edition statement 2nd ed.
260 ## - PUBLICATION, DISTRIBUTION, ETC. (IMPRINT)
Place of publication, distribution, etc. Haryana
Name of publisher, distributor, etc. OakBridge Publishing
Date of publication, distribution, etc. 2022
300 ## - PHYSICAL DESCRIPTION
Extent xxxix, 318
942 ## - ADDED ENTRY ELEMENTS (KOHA)
Koha item type Law Books
Holdings
Date last seen Total Checkouts Full call number Accession number Copy number Cost, replacement price Price effective from Category Lost status Source of classification or shelving scheme Damaged status Department Withdrawn status bill no. bill date Permanent Location Current Location Shelving location Entry date Vendor Cost, normal purchase price Grants Currency symbol Conversion rate Discount
02/05/2024   343.04 SUN;1 R LL3405 1 795.00 19/04/2024 Law Books   Dewey Decimal Classification   LAW   KLBH/IN/1091/2023-24 21/03/2024 Law Library Law Library Law Library 18/04/2024 KL Book House 795.00 Law Rupees 1  
16/07/2025   343.04 SUN;1 R LL4501 2 604.20 16/07/2025 Law Books   Dewey Decimal Classification   LAW   272 01/04/2025 Law Library Law Library Law Library 01/04/2025 MPP House 795.00 Law Rupees 1 24

© For any Suggestions or Query, please contact the library staff @ librarian@pes.edu or Phone: +9180 2672 1983/ 2108.